Spider-Man Actors - Statistics

General Stats
  • This quiz has been taken 49 times
  • The average score is 6 of 14
Answers on the Grid
Answers color-coded by a green-red scale on the quiz's grid according to % correct below.
Tom Holland
Shameik Moore
Jake Johnson
Chris Hemsworth
Jack Black
Hailee Steinfeld
Nicolas Cage
Kevin Hart
Dwayne Johnson
Tobey Maguire
Andrew Garfield
John Mulaney
Drake Bell
Hugh Jackman
Josh Keaton
Oscar Isaac
Kathryn Hahn
Dave Franco
Michael Cera
Jesse Eisenberg
Bryce Dallas Howard
Chris Pratt
Idris Elba
Ben Schwartz
Jenny Slate
Andy Samberg
Issa Rae
Daniel Kaluuya
 
Answer Stats
Answer % Correct
Tom Holland
100%
Andrew Garfield
97%
Tobey Maguire
92%
Nicolas Cage
49%
Shameik Moore
38%
Hailee Steinfeld
36%
John Mulaney
23%
Oscar Isaac
23%
Drake Bell
21%
Jake Johnson
21%
Daniel Kaluuya
18%
Issa Rae
18%
Josh Keaton
13%
Andy Samberg
5%
No matching quizzes found
Score Distribution
Percent of People with Each Score
Percentile by Number Answered
Your Score History
You have not taken this quiz